zpět

Detail výsledku týmu

U Pošty - Vinohrady ČT, Praha

Datum a čas kvízu

23.5 Celkem bodů Celkový počet nahraných bodů na tomto kvízu bez doplňovacích otázek.
12. Pořadí na kvízu Konečné umístění týmu na tomto kvízu.

Zaznamenané odpovědi

# Otázka Odpověď Body Výsledky
1. Praha v minulém týdnu hostila... skauti 0
2. Severokorejský vůdce Kim Čong-... vítězství nad epidemií covidu-19 0
3. Od čtvrtka do soboty se poblíž... Most 0
4. Senát Parlamentu České republi... zákaz jednorázových plastových výrobků 0
5. Ve čtvrtek měl v českých kinec... Jan Koller 1
6. Následující otázky budou věnov... C 1
7. Nyní se přesuneme do knižního... Anthony Ryan 0
8. První dračí lodě se objevily p... 20 závodníků 1
9. Dračí hory je pohoří rozkládaj... Lesotho, Svazijsko 1
10. V srpnu letošního roku bude mí... Rod draka (House of the Dragon) 0